000 00566cam a2200229ua 4500
001 9447
005 20260515114452.0
008 150910n ii |||gr||||Z||||||asm
040 _cMAIN
041 _aasm
082 _a610.92
100 _aBhattacharyya, M.N.,
_eAuthor.
245 1 _aGriha chikitsak
_cby M.N. Bhattacharyya
250 _a1st ed.
260 _aCalcutta:
_bSribhumi publishing co.,
_c1983.
300 _a182p.
653 _aMedicine & health
653 _aMedical practitioner
653 _aDoctor
653 _aGeneral medicine
942 _cBK
999 _c8491
_d8491